General Knowledge III - Statistics

General Stats
  • This quiz has been taken 60 times
  • The average score is 8 of 15
Answer Stats
Question Answer % Correct
Which flower is typically associated with the Netherlands? Tulip
89%
Which chess piece can only move diagonally? Bishop
87%
Which is the largest city in Scotland? Glasgow
78%
How many Olympic gold medals has Usain Bolt won? 8
74%
Who was the second man on the moon? Buzz Aldrin
74%
Which Asian language is also the name of an orange fruit? Mandarin
74%
Which kind of doctor fits braces? Orthodontist
70%
What is the name of David Beckham's eldest child? Brooklyn
65%
Who founded Amazon? Jeff Bezos
61%
Which cartoonist created Charlie Brown and Snoopy? Charles Schulz
46%
What is the capital of West Virginia? Charleston
43%
What is the name of Tintin's pet dog? Snowy
39%
What is the world's most popular four player game? Bridge
22%
Which band had a hit with Together in Electric Dreams? The Human League
11%
What is the name of the supercomputer in The Hitchhiker's Guide to the Galaxy? Deep Thought
9%
No matching quizzes found
Score Distribution
Percent of People with Each Score
Percentile by Number Answered
Your Score History
You have not taken this quiz